FIFA World Cup 2026 - Haiti Squad - Statistics

General Stats
  • This quiz has been taken 2 times
  • The average score is 5 of 27
Answer Stats
Team # Position Club/Country Player % Correct
Haiti 20 ST Caykur Rizespor Frantzdy Pierrot
100%
Haiti 8 LB AS Nancy-Lorraine Martin Expérience
100%
Haiti 18 ST Sunderland AFC Wilson Isidor
100%
Haiti 10 CM Wolverhampton Wanderers Jean-Ricner Bellegarde
50%
Haiti 1 GK SC Bastia Johny Placide
50%
Haiti 16 ST Ferencvárosi TC Lenny Joseph
50%
Haiti 12 GK FC Sochaux-Montbéliard Alexandre Pierre
0%
Haiti 2 RB Angers SCO Carlens Arcus
0%
Haiti 6 DM El Paso Locomotive FC Carl Sainté
0%
Haiti 17 DM Philadelphia Union Danley Jean Jacques
0%
Haiti 7 LW Toronto FC Derrick Etienne Jr.
0%
Haiti 25 DM FC Tatran Presov Dominique Simon
0%
Haiti 9 ST Esteghlal FC Duckens Nazon
0%
Haiti 13 LB Colorado Springs Switchbacks FC Duke Lacroix
0%
Haiti 5 CB FC Lugano Hannes Delcroix
0%
Haiti 22 CB KAA Gent Jean-Kévin Duverne
0%
Haiti 21 RW AJ Auxerre Josué Casimir
0%
Haiti 23 GK FC Cosmos Koblenz Josué Duverger
0%
Haiti 3 CB BSC Young Boys Keeto Thermoncy
0%
Haiti 14 DM FC Vizela Leverton Pierre
0%
Haiti 11 RW FC Dallas Louicius Deedson
0%
Haiti 4 CB LDU Quito Ricardo Adé
0%
Haiti 15 LW Almere City FC Ruben Providence
0%
Haiti Manager France Sébastien Migné
0%
Haiti 24 RB Zulte Waregem Wilguens Paugain
0%
Haiti 26 DM Violette Athletic Club Woodensky Pierre
0%
Haiti 19 ST FC Vizela Yassin Fortuné
0%
No matching quizzes found
Score Distribution
Percent of People with Each Score
Percentile by Number Answered
Your Score History
You have not taken this quiz